| 000 | 00000nam##2200000za#4500 |
| 001 | 9.605050 |
| 003 | CaOODSP |
| 005 | 20210624211921 |
| 007 | cr ||||||||||| |
| 008 | 150406|2008||||xxc|||||o f|0| 0 fre|d |
| 040 | |aCaOODSP|bfre |
| 043 | |an-cn--- |
| 086 | 1 |aTU3-5/08-7F-PDF |
| 110 | 2 |aBureau de la sécurité des transports du Canada. |
| 245 | 10|aPanne moteur et atterrissage forcé du Noorduyn Norseman MK V C-FECG exploité par Gogal Air Services Limited à 15 nm au nord de Snow Lake (Manitoba), le 6 juillet 2008 |h[ressource électronique] |
| 260 | |aGatineau - Québec : |bBureau de la sécurité des transports du Canada |c[2008]. |
| 300 | |a8p.|bill. en couleur |
| 490 | 1 |aRapport d'enquête aéronautique |vA08C0145 |
| 590 | |a13-02-Supp|b2013-01-11 |
| 775 | 08|tEngine failure – Forced landing, Gogal Air Services Limited Noorduyn Norseman MK V C-FECG Snow Lake, Manitoba 15 nm N, 06 July 2008 |w(CaOODSP)9.575547 |
| 830 | #0|aRapport d'enquête aéronautique ;|vA08C0145|w(CaOODSP)9.501229 |
| 856 | 40|ahttp://publications.gc.ca|qPDF|s306 Ko|uhttps://publications.gc.ca/collections/collection_2013/bst-tsb/TU3-5-08-7-fra.pdf|yA08C0145 |